| 000 | 00380 a2200097 4500 | ||
|---|---|---|---|
| 082 | _a338.2095491 PAK | ||
| 245 |
_aAnnextures to investment oriented study on minerals and mineral based industries [vol. 2] _cMinistry of Industries and Production |
||
| 250 | _a2004. | ||
| 260 |
_aPakistan : _bMinistry of Industries and Production , _c2004 . |
||
| 300 |
_a493 p. : _bcol, ill. ; _c26 cm. |
||
| 650 | _ainvestment guide | ||
| 999 |
_c389 _d389 |
||